Statistics for 10 Biggest Cities In Australia

Click here to take the quiz!

General Stats

  • This quiz has been taken 91 times
    (63 since last reset)
  • The average score is 8 of 10

Answer Stats

PopulationSubdivisionCity% Correct
4,246,375VictoriaMelbourne
100%
1,896,548Western AustraliaPerth
100%
4,627,345New South WalesSydney
98%
367,752Australian Capital TerritoryCanberra
95%
1,225,235South AustraliaAdelaide
91%
2,189,878QueenslandBrisbane
91%
640,778QueenslandGold Coast
64%
308,308New South WalesNewcastle
48%
292,190New South WalesWollongong
36%
326,615QueenslandSunshine Coast
27%

Score Distribution

Percentile by Number Answered

Percent of People with Each Score

Your Score History

You have not taken this quiz since the last reset